| 000 | 00471cam a22001217a 4500 | ||
|---|---|---|---|
| 008 | 180718b1996 xxu||||| |||| 00| 0 eng d | ||
| 082 | _aR1 B868 | ||
| 245 |
_aBuilding sustainable capacity: challenges for the public sector _cby Bureau for Policy and Programme Support (BPPS) |
||
| 260 |
_aNew York _bBureau for Policy and Programme Support (BPPS) _c1996 |
||
| 300 | _a163p | ||
| 440 | _aOESP Series Lessons Learned | ||
| 700 | _aBureau for Policy and Programme Support (BPPS) | ||
| 999 |
_c486114 _d486114 |
||